| 000 | 01235nam a2200217Ia 4500 | ||
|---|---|---|---|
| 999 |
_c39215 _d39215 |
||
| 001 | 5801 | ||
| 003 | GE_BSU | ||
| 005 | 20190611145555.0 | ||
| 008 | 181216s1962||||ge |||||||||||||| ||geo|| | ||
| 040 | _cGE_BSU | ||
| 080 | _a514.18(072) + 744(076.1) მ-20 | ||
| 100 |
_aმალანია, ი. _92208 |
||
| 245 |
_aზედაპირების სიბრტყეზე გაფენა : _bმეთოდური მითითებები, საილუსტრაციო მაგალითები, საკონტროლო მოცემულობები /და სავარჯიშო მოცემულობები. _cი.მალანია, ა. აგლაძე ; რედ. ა. გულისაშვილი |
||
| 264 |
_aთბილისი : _bსპი, _c1962. |
||
| 300 |
_a104 გვ. : _bნახაზები ; _c27 სმ. |
||
| 504 | _aბიბლიოგრ. : გვ.103. | ||
| 653 | _aზედაპირების სიბრტყეზე განფენა. | ||
| 700 |
_aაგლაძე, ა. _eავტორი _92209 |
||
| 700 |
_aგულისაშვილი, ა. _eრედაქტორი _91618 |
||
| 942 |
_cBK _2udc |
||